Operation of Pension Program : hearings before the United States House Committee on Veterans Affairs, Eighty-Sixth Congress, first session, on May 9, June 4, 5, 9, 10, 1959.

Considers H.R. 6432, to revise benefit payments for recipients of pensions for veterans with non-service-connected disabilities. Includes Presidential message "Veterans Pensions," 1959 (p. 413-463). May 9 hearing was held in Boston, Mass.

Bibliographic Details
Corporate Authors: United States. Congress. House. Committee on Veterans' Affairs, ProQuest (Firm)
Format: Government Document eBook
Language:English
Published: Washington : U.S. G.P.O., 1959.
Series:U.S. Congressional Hearings.
Subjects:
Online Access:Connect to the full text of this electronic book

MARC

Tag First Indicator Second Indicator Subfields
LEADER 00000cam a22000001a 4500
001 in00003210708
006 m d f
007 cr bn mmmapmmp
008 090623s1959 dcu o f000 0 eng d
005 20260511193515.8
035 |a cis2007426169 
040 |a UMI  |c UMI  |d UtOrBLW 
043 |a n-us--- 
086 0 |a Y 4.V 64/3:P 38/20 
099 |a HRG-1959-VAH-0007 
110 1 |a United States.  |b Congress.  |b House.  |b Committee on Veterans' Affairs. 
245 1 0 |a Operation of Pension Program :  |b hearings before the United States House Committee on Veterans Affairs, Eighty-Sixth Congress, first session, on May 9, June 4, 5, 9, 10, 1959. 
264 1 |a Washington :  |b U.S. G.P.O.,  |c 1959. 
300 |a 1 online resource. 
336 |a text  |b txt  |2 rdacontent 
337 |a computer  |b c  |2 rdamedia 
338 |a online resource  |b cr  |2 rdacarrier 
500 |a Record is based on bibliographic data in ProQuest Congressional Hearings Digital Collection. Reuse except for individual research requires license from ProQuest, LLC. 
520 |a Considers H.R. 6432, to revise benefit payments for recipients of pensions for veterans with non-service-connected disabilities. Includes Presidential message "Veterans Pensions," 1959 (p. 413-463). May 9 hearing was held in Boston, Mass. 
520 |a Considers (86) H.R. 6432, (86) H.R. 1181, (86) H.R. 3752. 
538 |a System requirements: PDF reader software. 
500 |a Electronic resource. 
650 0 |a Military pensions  |x Law and legislation  |z United States. 
655 7 |a Electronic books.  |2 local 
710 2 |a ProQuest (Firm) 
776 0 8 |i Print version:  |a United States. Congress. House. Committee on Veterans' Affairs.  |t Operation of Pension Program 
776 0 8 |i Microfiche version:  |a United States. Congress. House. Committee on Veterans' Affairs.  |t Operation of Pension Program.  |d [Bethesda, Md.] : ProQuest,[2004]  |o CIS Hrgs MF Gp 3--(86) H1746-7  |w (ProQuest)cis10700211 
830 0 |a U.S. Congressional Hearings. 
856 4 0 |u http://proxy.library.tamu.edu/login?url=https://congressional.proquest.com/congcomp/getdoc?HEARING-ID=HRG-1959-VAH-0007  |z Connect to the full text of this electronic book  |t 0 
998 |a cis10700211 
999 |a MARS 
999 f f |s 0e39e75e-ff47-3797-9f66-b5c6956f1f66  |i 78b1dcda-243c-3150-b93c-e3dd8f3093d4  |t 0 
952 f f |a Texas A&M University  |b College Station  |c Electronic Resources  |s www_evans  |d Available Online  |t 0  |e HRG-1959-VAH-0007  |h Other scheme 
998 f f |a HRG-1959-VAH-0007  |t 0  |l Available Online